Loading...
| Current Events | 0 | 3 | 0 | 1 | 30 | 88 | 90.67 | 0 | 3 |
| Literature - British Literature | 0 | 3 | 0 | 0 | 30 | 109 | 122.33 | 1 | 3 |
| History - American History | 0 | 2 | 1 | 0 | 15 | 83 | 89.00 | 2 | 2 |
| Science - Other Science | 0 | 1 | 0 | 0 | 10 | 111 | 111.00 | 0 | 1 |
| Fine Arts - Visual Fine Arts | 1 | 2 | 5 | 0 | 10 | 45 | 90.67 | 1 | 3 |
| Science - Biology | 0 | 1 | 0 | 0 | 10 | 100 | 100.00 | 0 | 1 |
| Other Academic | 0 | 1 | 1 | 0 | 5 | 144 | 144.00 | 0 | 1 |
| Literature - European Literature | 0 | 1 | 1 | 0 | 5 | 148 | 148.00 | 0 | 1 |
| Literature - World Literature | 0 | 1 | 1 | 0 | 5 | 108 | 108.00 | 0 | 1 |
| Religion | 0 | 1 | 1 | 1 | 5 | 126 | 126.00 | 0 | 1 |
| Social Science | 0 | 0 | 0 | 0 | 0 | 0.00 | 0 | 0 | |
| Science - Chemistry | 0 | 0 | 0 | 0 | 0 | 0.00 | 0 | 0 | |
| Science - Physics | 0 | 0 | 0 | 0 | 0 | 0.00 | 0 | 0 | |
| Literature - American Literature | 0 | 0 | 1 | 0 | -5 | 0.00 | 0 | 0 | |
| Fine Arts - Auditory Fine Arts | 0 | 0 | 1 | 0 | -5 | 0.00 | 0 | 0 | |
| Philosophy | 0 | 0 | 1 | 0 | -5 | 0.00 | 0 | 0 |